000 01490nam a2200337Ia 4500
001 9780203069301
003 BD-DhSAU
005 20151012151720.0
006 a|||||s|||||||||||
007 cr||||
008 130213s2013 enkad sb 001 0 eng d
020 _a9780203069301 (e-book : PDF)
040 _aBD-DhSAU
_cBD-DhSAU
090 _aHD4901
_b.S556 2013
092 _a331
_bS634
100 1 _aSloane, Peter.
245 1 0 _aModern labour economics
_h[electronic resource] /
_cPeter Sloane, Paul Latreille and Nigel O'Leary.
246 3 0 _aModern labor economics
260 _aOxon [England] :
_bRoutledge,
_c2013.
300 _axiv, 382 p. :
_bill.
504 _aIncludes bibliographical references and index.
505 0 _a1. Labour force participation -- 2. The labour supply curve -- 3. Investment in human capital -- 4. Changing jobs : the economics of job search -- 5. The demand for labour -- 6. Extensions of labour demand : mismatches in the labour market -- 7. Trade unions -- 8. Bargaining and conflict -- 9. The structure of labour markets -- 10. Wage incentives -- 11. Labour market policy.
530 _aAlso available in print edition.
538 _aMode of access: World Wide Web.
650 0 _aLabor economics.
655 7 _aElectronic books.
_2lcsh
700 1 _aLatreille, Paul L.
700 1 _aO'Leary, Nigel C.
776 1 _z9780415469807 (hardback)
_z9780415469814 (pbk.)
856 4 0 _uhttp://www.tandfebooks.com/isbn/9780203069301
999 _c12610
_d12609